000 00429nam a2200181Ia 4500
001 15838
005 20260306170225.0
008 260306t2017||||xx |||||||||||||| ||und||
041 _aESP
082 _a620.11
_bH441 2017
100 _aHibbeler, R. C.
_eAUT
245 0 _aMecánica de materiales
260 _c2017
300 _axvii, 877 páginas :
_c25 cm.
650 _aGEN
654 _aCII
942 _cLIB
_dJUS
_fJUS
_2ddc
_n
999 _c15838
_d15838